Comme les animaux, Solann paroles - Statistiques

Statistiques générales
  • Ce quiz a été pris 34 fois
  • Le résultat moyen est 275 sur 348
Statistiques - réponses
Réponse % Correct
à
100%
a
100%
animaux
100%
c'est
100%
C'est
100%
comme
100%
de
100%
le
100%
les
100%
On
100%
on
100%
des
95%
Des
95%
faut
95%
il
95%
nous
95%
Tu
95%
tu
95%
voulais
95%
f'ra
91%
la
91%
ouais
91%
une
91%
du
86%
et
86%
Et
86%
l'chat,
86%
l'chat
86%
te
86%
toi
86%
toi,
86%
Toi
86%
aimable
82%
est
82%
foule
82%
table
82%
mange,
77%
pas
77%
pas,
77%
Quand
77%
quand
77%
qu'on
77%
au
73%
en
73%
Mais
73%
manières
73%
manières,
73%
mon
73%
s'ra
73%
trop
73%
va
73%
d'affamés
68%
d'l'élan
68%
Oublie
68%
Oui
68%
oui
68%
prend
68%
qui
68%
rat
68%
recule
68%
tout
68%
blancs,
64%
bouffer
64%
bout
64%
cheveux
64%
comptera
64%
c'qui
64%
dans
64%
dis
64%
doigts
64%
donc
64%
enfants
64%
enfumes
64%
femmes
64%
fois
64%
Glorieux
64%
gourmands
64%
tsunami
64%
ventre
64%
vraiment,
64%
aura
59%
broncher,
59%
depuis
59%
d'un
59%
Glouton
59%
jusqu'au
59%
l'temps
59%
maintenant
59%
manges
59%
mille
59%
nargues
59%
nos
59%
pardon
59%
perdu
59%
postillonnant
59%
rassasiés
59%
rend
59%
sans
59%
t'as
59%
vertus
59%
Y'aura
59%
affames
55%
anges,
55%
balle
55%
cacher
55%
calme
55%
centre
55%
faim
55%
mâches
55%
partout,
55%
plaisance
55%
prévenu
55%
reviendra
55%
tête
55%
vieillir
55%
vue
55%
ans,
50%
camp
50%
cendre
50%
change
50%
confort
50%
cours
50%
dalle
50%
érige,
50%
espérais
50%
os
50%
parfaite
50%
point
50%
ronger
50%
suprématie
50%
traînent
50%
vautours
50%
ailes
45%
cléments
45%
dis-toi
45%
Millésime
45%
pourtant
45%
yeux
45%
avait
41%
d'être
41%
mens,
41%
transforme,
41%
d'aisance
36%
désolants,
36%
Navrés
36%
Aucun quiz correspondant
Distribution des résultats
% des personnes avec chaque résultat
Percentile par nombre de réponses
Votre historique - résultats
Vous n’avez pas pris ce quiz